Quiz de culture générale #1 - Alex H. - Statistiques

Statistiques générales
  • Ce quiz a été pris 275 fois
  • Le résultat moyen est 6 sur 20
Statistiques - réponses
Hint Réponse % Correct
Connais-tu le nombre exact de pays dans le monde ? 196
74%
Calcul de tête : 17² 289
56%
Date de la dernière bataille de Napoléon ? 1815
52%
Quel élément compose principalement les cheveux humains ? Kératine
50%
Quel est le nom de la femelle du lièvre ? Hase
41%
Combien de jeux vidéos de la franchise "Metroid" y a-t-il eu ? 12
38%
Où se situe Saint Vincent and the Grenadines ? Amérique du Nord
36%
En quelle langue est la description ? Grec
36%
Quel est le nom exact de la première vidéo youtube ? Me at the zoo
25%
Quelle est la première console Nintendo ? NES
25%
Quelle discipline étudie les insecte ? Entomologie
24%
Combien y a-t-il de muscles dans les doigts ? 0
23%
Connais-tu PI et ses 8 premières décimales ? 3.14159265
18%
Dans quel langage discord est-il codé ? JavaScript
17%
Quelle est la circonférence de la Terre ? (arrondie) 40000 km
10%
Que représente l'image ? Aéroglisseur
10%
Quel est le nom des os situés à la base de la main ? Carpes
8%
Combien y a-t-il de muscles dans le corps humain ? 600
6%
Quel était le nom de la fusée de Neil Armstrong ? Saturn 5
6%
Dans quel anime apparait Toto le lapin ? Dragon Ball
3%
Aucun quiz correspondant
Distribution des résultats
% des personnes avec chaque résultat
Percentile par nombre de réponses
Votre historique - résultats
Vous n’avez pas pris ce quiz